000 00430nam a2200181Ia 4500
005 20250423101339.0
008 250422s9999 xx 000 0 und d
020 _a81--203-2300-9
050 _aHD 69.P75 .M47/ 
100 _aPatrick J Cleary
245 4 _aThe Negotiation HandBook
260 _aNew Delhi
260 _bPrentice Hall of India
260 _c2001
300 _a179 p
650 _aManagement
942 _cBK
999 _c36038
_d36038